000 00976nam a2200277 i 4500
003 EG-GICUC
005 20260410114215.0
008 260410s1998 ge |||fr|||| 00| 0 eng d
040 _a EG-GICUC
_beng
_c EG-GICUC
_d EG-GICUC
_erda
082 0 4 _221
_a341.44
_bDE . T
092 0 4 _221
099 _aLaw1 11 341.44 DE . T 1998
110 _aDevelopment Policy Forum
_eAuthor.
245 0 2 _aInternational Round Table :
_bTransboundary Water Management Experience Of International River And Lake Commissions /
_cDevelopment Policy Forum.
264 1 _aGermany:
_bDevelopment Policy Forum,
_c1998.
300 _a43 Pages;
_c24 cm.
336 _2rda content
_atext
337 _2rda media
_aComputer
338 _2rda carrier
_aOnline Resource
546 _aText in English
650 0 4 _aInternational Public Law
650 0 4 _aWater Transport -- International Law
856 4 0 _uhttps://fll.law.cu.edu.eg/fulltext/bks/B11-09687.pdf
905 _a59
942 _2ddc
_cCP
_e21
_n0
999 _c69932
_d69932